[Dades sobre els governadors de Sardenya en temps de Pere el Cerimoniós / per Maria-Mercè Costa i Paretas]
Descripción Física:
13 p. ; 24 cm
Materias:
Governadors -- Sardenya -- Segle XIV
MARC
| LEADER | 00000nam a2200000Ia 4500 | ||
|---|---|---|---|
| 001 | 17567 | ||
| 008 | 160829s1962 xx 000 0 cat d | ||
| 080 | |a FU-2-36 | ||
| 100 | |a Costa i Paretas, Maria Mercè |9 20482 | ||
| 245 | |a [Dades sobre els governadors de Sardenya en temps de Pere el Cerimoniós / per Maria-Mercè Costa i Paretas] | ||
| 260 | |a Barcelona : |b [s.n.], |c 1962 | ||
| 300 | |a 13 p. ; |c 24 cm | ||
| 590 | |a Separata del VII Congrés d'Història de la Corona d'Aragó. Crónica, ponencias y comunicaciones, vol. II: Comunicaciones (1-6 octubre 1962). | ||
| 590 | |a Prové de S-19, exp. 1 del currículum per la plaça d'arxiver de la Corporació, 1966 | ||
| 650 | |a Governadors |x Sardenya |x Segle XIV |9 46607 | ||
| 901 | |a Arxiu | ||
| 942 | |n 1 | ||
| 952 | |0 0 |1 0 |4 0 |6 FU236 |7 1 |9 53311 |a Arxiu |b Arxiu |d 2016-12-01 |l 0 |o FU-2-36 |p 17567 |r 2016-12-01 00:00:00 |w 2016-12-01 |y ARXIU | ||
| 999 | |c 57175 |d 57175 | ||